000 00351pam a2200133a 44500
008 230405s2011 xxu||||| |||| 00| 0 eng d
041 _aENG
100 _aRANGANATHAN S / SURESH J
245 _aPRINCIPLES OF MDICINAL CHEMISTRY
250 _a1
260 _aNEW YORK
_bMARCEL DEKKER INC PUBLICATIONS NEW YORK
_c2011
300 _a496
906 _a4503
999 _c269942
_d269942